Moroccan Cities - Sudden Death - Statistics

General Stats
  • This quiz has been taken 1,262 times
  • The average score is 9 of 20
Answers on the Grid
Answers color-coded by a green-red scale on the quiz's grid according to % correct below.
Tunis
Fez
Marrakesh
Tripoli
Beirut
Meknes
Oran
Rabat
Bizerte
Tobruk
Djerba
Salé
Agadir
Haifa
Guelmim
Amman
Dammam
Casablanca
Ouarzazate
İskenderun
Tifelt
Palmyra
Almería
Timbuktu
Kenitra
Oujda
Ceuta
Khemisset
Aswan
Sanaa
Socotra
Tangier
Tenerife
Albufeira
Tetouan
Temara
Taourirt
Catanzaro
Batumi
Beni Mellal
Bukhara
Melilla
Khouribga
Herat
Abbottabad
Mymensingh
Lahaina
Tizimín
Bengkulu
Tangail
Safi
 
Answer Stats
Answer % Correct
Marrakesh
95%
Fez
91%
Rabat
88%
Casablanca
81%
Agadir
65%
Tangier
64%
Meknes
50%
Tetouan
43%
Ouarzazate
41%
Oujda
38%
Salé
31%
Safi
28%
Taourirt
28%
Kenitra
27%
Beni Mellal
24%
Khemisset
23%
Khouribga
22%
Tifelt
19%
Guelmim
18%
Temara
16%
No matching quizzes found
Score Distribution
Percent of People with Each Score
Percentile by Number Answered
Your Score History
You have not taken this quiz